000 01111cam a2200301 a 4500
001 5984
003 FISKH
005 20250218104731.0
008 080214s2008 nyu d 000 1 eng
010 _a 2007052659
020 _a9780525478188
020 _a9781408848180
_c$10.00
040 _aDLC
_cDLC
_dDLC
_beng
050 _aPZ7.G8233 P
082 _a813.6
100 1 _aGreen, John,
_d1977-
245 1 0 _aPaper towns :
_bThe fault in our stars /
_cJohn Green.
260 _aLondon :
_bBloomsbury,
_c2008.
300 _a305 pages :
_c20 cm
520 _aOne month before graduating from his Central Florida high school, Quentin "Q" Jacobsen basks in the predictable boringness of his life until the beautiful and exciting Margo Roth Spiegelman, Q's neighbor and classmate, takes him on a midnight adventure and then mysteriously disappears.
650 1 _aMissing persons
_vFiction.
650 1 _aComing of age
_vFiction.
650 1 _aMystery and detective stories.
651 1 _aFlorida
_vFiction.
906 _a7
_bcbc
_corignew
_d1
_eecip
_f20
_gy-gencatlg
942 _2ddc
_cBK
_n0
999 _c5984
_d5984